000 00727nam a2200241Ia 4500
005 20241129111033.0
008 241129s9999||||xx |||||||||||||| ||und||
020 _a978-1-03-227521-5
037 _aTB
040 _aCRL
_beng
_cCRL
041 _aeng
_2eng
084 _aO111,1:g R2
_qCRL
100 _aFurniss Tom Au.; Bath Michael Au.
_9723232
245 0 _aReading poetry: a complete coursebook
_cFurniss Tom Au.; Bath Michael Au.
250 _a3rd
260 _aLondon, UK
_bRoutledge
_c2022
300 _axxii,644p.
365 _aUKP
_b32.99
490 _aRoutledge studies in african literature
650 _aEnglish LiteraturePoetry
_9726219
942 _cTB
_hO111,1:g R2
999 _c1228650
_d1228650